Teacher's pet / (Record no. 2141)

MARC details
000 -LEADER
fixed length control field 01157cam a2200349 a 4500
005 - DATE AND TIME OF LATEST TRANSACTION
control field 20231108073830.0
020 ## - INTERNATIONAL STANDARD BOOK NUMBER
International Standard Book Number 9780142412527
020 ## - INTERNATIONAL STANDARD BOOK NUMBER
International Standard Book Number 9780545203937
040 ## - CATALOGING SOURCE
Original cataloging agency DLC
Transcribing agency DLC
Modifying agency DLC
Language of cataloging eng
050 00 - LIBRARY OF CONGRESS CALL NUMBER
Classification number PZ7.A54385
Item number Te 2009
082 00 - DEWEY DECIMAL CLASSIFICATION NUMBER
Classification number 303
Edition number 22
100 1# - MAIN ENTRY--PERSONAL NAME
Personal name Anderson, Laurie Halse
245 10 - TITLE STATEMENT
Title Teacher's pet /
Statement of responsibility, etc. Laurie Halse Anderson.
260 ## - PUBLICATION, DISTRIBUTION, ETC.
Place of publication, distribution, etc. New York :
Name of publisher, distributor, etc. Puffin Books,
Date of publication, distribution, etc. 2009
300 ## - PHYSICAL DESCRIPTION
Extent 135 pages :
Dimensions 20 cm
490 0# - SERIES STATEMENT
Series statement Vet volunteers ;
Volume/sequential designation 7
505 ## - FORMATTED CONTENTS NOTE
Formatted contents note K
520 ## - SUMMARY, ETC.
Summary, etc. Adjusting to middle school becomes easier for twelve-year-old Maggie when she finds that her biology teacher, who is blind, can learn a few things from her about working with his guide dog.
521 1# - TARGET AUDIENCE NOTE
Target audience note 580
Source Lexile
521 1# - TARGET AUDIENCE NOTE
Target audience note K
Source Raz-Plus
650 #1 - SUBJECT ADDED ENTRY--TOPICAL TERM
Topical term or geographic name entry element Guide dogs
Form subdivision Fiction.
650 #1 - SUBJECT ADDED ENTRY--TOPICAL TERM
Topical term or geographic name entry element Dogs
Form subdivision Fiction.
650 #1 - SUBJECT ADDED ENTRY--TOPICAL TERM
Topical term or geographic name entry element Blind
Form subdivision Fiction.
650 #1 - SUBJECT ADDED ENTRY--TOPICAL TERM
Topical term or geographic name entry element People with disabilities
Form subdivision Fiction.
650 #1 - SUBJECT ADDED ENTRY--TOPICAL TERM
Topical term or geographic name entry element Teacher-student relationships
Form subdivision Fiction.
650 #1 - SUBJECT ADDED ENTRY--TOPICAL TERM
Topical term or geographic name entry element Middle schools
Form subdivision Fiction.
650 #1 - SUBJECT ADDED ENTRY--TOPICAL TERM
Topical term or geographic name entry element Schools
Form subdivision Fiction.
650 #1 - SUBJECT ADDED ENTRY--TOPICAL TERM
Topical term or geographic name entry element Veterinarians
Form subdivision Fiction.
906 ## - LOCAL DATA ELEMENT F, LDF (RLIN)
a 7
b cbc
c orignew
d 1
e ecip
f 20
g y-gencatlg
942 ## - ADDED ENTRY ELEMENTS (KOHA)
Source of classification or shelving scheme Dewey Decimal Classification
Koha item type Books
Suppress in OPAC No
999 ## -
-- 2141
-- 2141
Holdings
Withdrawn status Lost status Source of classification or shelving scheme Damaged status Not for loan Collection Home library Current library Shelving location Date acquired Total Checkouts Full call number Barcode Date last seen Price effective from Koha item type
    Dewey Decimal Classification     Juvenile Fiction Footprints International School Library Network Toul Kork Campus Footprints International School Library Network Toul Kork Campus TK Primary Library Room(4th Floor), Bookcase 3&4, Shelves 17-32, Yellow Books 11/07/2023   AND 303 PZ7.A54385 FISTK00601 11/07/2023 11/07/2023 Books